00682nam a2200193Ia 4500008004100000020001800041041000800059082001700067100002100084245006100105260003500166300000900201500002800210650001400238700003500252906000700287999001700294952017700311230125s9999 xx 000 0 und d a81-86816-14-3 aeng a337bPET/VEL aPetras J9109859 aGlobalization unmasked : Imperialism in the 21st century c2001bMadhyam booksaNew Delhi a183p aInternational economics aEconomics aPetras J & Veltmeyer H9109860 b20 c86532d86532 00104070aHIMRbHIMRd2006-12-18eThe international book servicesg200.00i36570l0o337 PET/VEL B05652pHIMR-BK-5652r2023-01-25 00:00:00v180.00w2006-12-08yBKzB05652